Music Quiz

Random Music or Artist Quiz
Score 0/18 Timer 10:00
0 Plays Today
% Correct
The Pretenders
88.8%
Deep Purple
84%
The Shadows
81.9%
Paul McCartney
80.8%
Peter Gabriel
79.4%
AC|DC
78.1%
ABBA
77.9%
David Bowie
71.3%
The Police
62.8%
% Correct
Sky
62.2%
Roxy Music
53.8%
Barbra Streisand
49.2%
Kate Bush
48.7%
Genesis
48.5%
The Rolling Stones
48.2%
Queen
48.2%
Gary Numan
37.7%
Johnny Mathis
26%
Remove Ads.
Support Sporcle.
Get the best of Sporcle when you Go Orange. This ad-free experience offers more features, more stats, and more fun while also helping to support Sporcle. Thank you for becoming a member.

You're not logged in!

Compare scores with friends on all Sporcle quizzes.
OR
Log In

Sporcle TV

Today on Sporcle TV


Watch our educational content, quiz creation guides, and fun videos on Sporcle TV.

Show Comments

Extras

Top Quizzes Today


Score Distribution

Paid Content

Your Account Isn't Verified!

In order to create a playlist on Sporcle, you need to verify the email address you used during registration. Go to your Sporcle Settings to finish the process.

Report this User

Report this user for behavior that violates our Community Guidelines.

Details: